1483 1894 1274 1721 1078 1851 1030 1109 1964 1181 1018 1006 1275 1237 1501 1889 1988 1660 1099 1243 1678 1810 1133 1047 1664 1540 1226 1436 1354 1383 1855 1839 1054 1105 1881 1331 1442 1267 1059 1673 1544 1406 1759 1271 1515 1969 1926 1212 1306 1134 1666 1745 1606 1684 1326 1389 1569 1640 1637 1442 1565 1522 1218 1471 1052 1712 1070 1826 1469 1341 1866 1665 1525 1763 1216 1315 1616 1272 1572 1359 1349 1341 1527 1095 1676 1791 1167 1977 1761 1855 1945 1758 1006 1393 1774 1201 1823 1542 1710 BCNSPRNW ULIB Ver.6.0+V

เปลี่ยนเป็นภาษาไทย

Change to English
 แสดงรายละเอียดบรรณานุกรม
  กลับหน้าหลัก

Brief Record : Get Marc (ISO 2709) : E-mail record : QR code < ปิดหน้าต่าง
LEADER : 00000nam 2200000uu 4500
001    13399122291
003     ULIB
008    110317s2555||||th 000 0 tha d
020    9786161112387
060 04 WY159^bพ231ก ล.2
100 0  พรทิพย์ ศิริบูรณ์พิพัฒนา,^eบรรณาธิการ
245 00 การพยาบาลเด็ก เล่ม 2 /^cบรรณาธิการ, พรทิพย์ ศิริบูรณ์พิพัฒนา
250    พิมพ์ครั้งที่ 1(ฉบับปรับปรุง)
260    นนทบุรี :^bโครงการสวัสดิการวิชาการ สถาบันพระบรมราชชนกกระทรวงสาธารณสุข,^c2555
300    556 หน้า :^bภาพประกอบ
650  7 การพยาบาลกุมารเวชศาสตร์
710 2  กระทรวงสาธารณสุข
710 2  สถาบันพระบรมราชราชชนก ^bโครงการสวัสดิการวิชาการ
945    ^p300^l0^i19815
945    ^p300^l0^i19816
945    ^p300^l0^i19817
945    ^p300^l0^i19818
945    ^p300^l0^i19819
945    ^p300^l0^i19820
945    ^p300^l0^i19821
945    ^p300^l0^i19822
945    ^p300^l0^i19823
945    ^p300^l0^i19824
945    ^p300^l0^i20195
945    ^p300^l0^i20196
995    ทศพร
999    ^aใช้งานได้ทุกระบบ
รายการนี้ยังไม่มีแท็ก
คุณยังไม่ได้ล็อกอิน คุณสามารถมีกิจกรรมร่วมกับเว็บไซต์ได้ แต่ต้องล็อกอินก่อน ::
  ล็อกอิน

รายการสื่อสารสนเทศ

ลำดับที่ ประเภท เลขเรียก/บาร์โค้ด สถานที่ สถานะ
1. Book การพยาบาล
Book การพยาบาล
WY159 พ231ก ล.2 ฉ.1 
  Barcode: 19815
ห้องสมุดวิทยาเขตสวรรค์ประชารักษ์
►หนังสือทั่วไป
บนชั้น
2. Book การพยาบาล
Book การพยาบาล
สถานะ=หนังสือเก่า
WY159 พ231ก ล.2 ฉ.10 
  Barcode: 19824
ห้องสมุดวิทยาเขตนครสวรรค์
►ส่วนจัดเก็บหนังสือเก่า นว.
บนชั้น
  ขอยืม
3. Book การพยาบาล
Book การพยาบาล
สถานะ=หนังสือเก่า
WY159 พ231ก ล.2 ฉ.11 
  Barcode: 20195
ห้องสมุดวิทยาเขตนครสวรรค์
►ส่วนจัดเก็บหนังสือเก่า นว.
บนชั้น
  ขอยืม
4. Book การพยาบาล
Book การพยาบาล
สถานะ=หนังสือเก่า
WY159 พ231ก ล.2 ฉ.12 
  Barcode: 20196
ห้องสมุดวิทยาเขตนครสวรรค์
►ส่วนจัดเก็บหนังสือเก่า นว.
บนชั้น
  ขอยืม
5. Book การพยาบาล
Book การพยาบาล
สถานะ=หนังสือเก่า
WY159 พ231ก ล.2 ฉ.2 
  Barcode: 19816
ห้องสมุดวิทยาเขตนครสวรรค์
►ส่วนจัดเก็บหนังสือเก่า นว.
บนชั้น
  ขอยืม
6. Book การพยาบาล
Book การพยาบาล
สถานะ=หนังสือเก่า
WY159 พ231ก ล.2 ฉ.3 
  Barcode: 19817
ห้องสมุดวิทยาเขตนครสวรรค์
►ส่วนจัดเก็บหนังสือเก่า นว.
บนชั้น
  ขอยืม
7. Book การพยาบาล
Book การพยาบาล
สถานะ=หนังสือเก่า
WY159 พ231ก ล.2 ฉ.4 
  Barcode: 19818
ห้องสมุดวิทยาเขตนครสวรรค์
►ส่วนจัดเก็บหนังสือเก่า นว.
บนชั้น
  ขอยืม
8. Book การพยาบาล
Book การพยาบาล
สถานะ=หนังสือเก่า
WY159 พ231ก ล.2 ฉ.5 
  Barcode: 19819
ห้องสมุดวิทยาเขตนครสวรรค์
►ส่วนจัดเก็บหนังสือเก่า นว.
บนชั้น
  ขอยืม
9. Book การพยาบาล
Book การพยาบาล
สถานะ=หนังสือเก่า
WY159 พ231ก ล.2 ฉ.6 
  Barcode: 19820
ห้องสมุดวิทยาเขตนครสวรรค์
►ส่วนจัดเก็บหนังสือเก่า นว.
บนชั้น
  ขอยืม
10. Book การพยาบาล
Book การพยาบาล
สถานะ=หนังสือเก่า
WY159 พ231ก ล.2 ฉ.7 
  Barcode: 19821
ห้องสมุดวิทยาเขตนครสวรรค์
►ส่วนจัดเก็บหนังสือเก่า นว.
บนชั้น
  ขอยืม
11. Book การพยาบาล
Book การพยาบาล
สถานะ=หนังสือเก่า
WY159 พ231ก ล.2 ฉ.8 
  Barcode: 19822
ห้องสมุดวิทยาเขตนครสวรรค์
►ส่วนจัดเก็บหนังสือเก่า นว.
บนชั้น
  ขอยืม
12. Book การพยาบาล
Book การพยาบาล
สถานะ=หนังสือเก่า
WY159 พ231ก ล.2 ฉ.9 
  Barcode: 19823
ห้องสมุดวิทยาเขตนครสวรรค์
►ส่วนจัดเก็บหนังสือเก่า นว.
บนชั้น
  ขอยืม

รายการใกล้เคียง
    ผู้แต่ง [พรทิพย์ ศิริบูรณ์พิพัฒนา, บรรณาธิการ]

    หัวเรื่อง [การพยาบาลกุมารเวชศาสตร์]

BibComment


ยังไม่เคยถูกคอมเมนท์

คอมเมนท์ทรัพยากรรายการนี้
  คอมเมนท์: การพยาบาลเด็ก เล่..


 Copyright 2026. Bcnsprnw @Library